| 000 | 00356nam a2200133Ia 4500 | ||
|---|---|---|---|
| 008 | 240624s9999 xx 000 0 und d | ||
| 041 | _aeng | ||
| 082 | _a330.947 VER | ||
| 100 | _aVERHEZEN PETER | ||
| 245 | _aDOING BUSINESS IN ASEAN MARKETS LEADERSH | ||
| 260 |
_c2016 _aNew York _bPalgrave Macmillan |
||
| 300 | _axxv, 241 p.; 23 cm. | ||
| 365 |
_cERU _b38 |
||
| 999 |
_c31556 _d31556 |
||